Movies by Emojis - Statistics

General Stats
  • This quiz has been taken 134 times
  • The average score is 7 of 15
Answer Stats
Emojis Movie % Correct
๐Ÿš— Cars
97%
๐Ÿšข Titanic
90%
๐Ÿ•ท๏ธ๐Ÿ™โ€โ™‚๏ธ Spiderman
75%
๐ŸŽˆ๐Ÿ‘ด๐Ÿ  Up
71%
๐Ÿ”Ž๐Ÿ  Finding Nemo
66%
๐Ÿ“ž๐Ÿ’€๐Ÿ”ช Scream
60%
๐Ÿ‘ธโค๏ธ๐ŸŒน๐Ÿป Beauty and the Beast
58%
๐Ÿ˜€โ›ณ Happy Gilmore
56%
๐Ÿ˜€โ›ณ2๏ธโƒฃ Happy Gilmore 2
54%
๐Ÿคต๐Ÿธ๐Ÿ”ซ James Bond
36%
๐Ÿ–๐ŸŽฎ Hunger Games
33%
๐ŸŽค๐Ÿ˜ˆโš”๏ธ Kpop Demon Hunters
13%
๐Ÿ ๐Ÿฆน Home Alone
12%
๐ŸŽ๏ธ๐ŸŽฅ F1 the Movie
10%
โฌ‡๏ธโœจ Interstellar
1%
No matching quizzes found
Score Distribution
Percent of People with Each Score
Percentile by Number Answered
Your Score History
You have not taken this quiz